Travel with the Fewest Border Crossings #2 - Statistics

General Stats
  • This quiz has been taken 790 times
    729 since last reset
  • The average score is 15 of 16
Answer Stats
Origin (Step) Destination (Step) Answer % Correct
Estonia (1) Greece (1) Russia
99%
Costa Rica (3) Uruguay (3) Brazil
96%
Costa Rica (2) Uruguay (2) Colombia
96%
Iran (1) Laos (1) Pakistan/Afghanistan
96%
Costa Rica (1) Uruguay (1) Panama
96%
Saudi Arabia (3) Eritrea (3) Egypt
95%
Saudi Arabia (2) Eritrea (2) Israel
95%
Saudi Arabia (1) Eritrea (1) Jordan
95%
Iran (2) Laos (2) China
94%
Estonia (2) Greece (2) Georgia
94%
Saudi Arabia (4( Eritrea (4) Sudan
94%
Estonia (3) Greece (3) Turkey
94%
Ghana (1) DR Congo (1) Burkina Faso
92%
Ghana (2) DR Congo (2) Niger
92%
Ghana (4) DR Congo (4) Central African Republic
91%
Ghana (3) DR Congo (3) Chad
90%
No matching quizzes found
Score Distribution
Percent of People with Each Score
Percentile by Number Answered
Your Score History
You have not taken this quiz since the last reset